000 00287nam a2200121Ia 4500
008 191201s2010 xx 000 0 und d
100 _aJAIN,R.P.
245 0 _aModern Digital Electronics
260 _aN. delhi
_bTMH
_c2010
300 _a712
650 _aB.Tech(ECE)
942 _2ddc
_cBK
_014
999 _c6343
_d6343